| 000 | 00670nam a2200181Ia 4500 | ||
|---|---|---|---|
| 008 | 151202s9999||||xx |||||||||||||| ||und|| | ||
| 082 | _bPNVM-38151 | ||
| 100 | _aतारळेकर ग.ह. | ||
| 245 | _aसंगीत रत्नाकर -भा.1ते 4. | ||
| 260 | _b"महाराष्ट्र राज्य सा. स. मंडळ ,मुंबई." | ||
| 260 | _c1975 | ||
| 300 | _a513 | ||
| 600 | _aतारळेकर ग.ह. | ||
| 630 | _aसंगीत रत्नाकर -भा.1ते 4. | ||
| 700 | _aतारळेकर ग.ह. | ||
| 730 | _aसंगीत रत्नाकर -भा.1ते 4. | ||
| 942 | _cBOOK | ||
| 999 |
_c1304103 _d1304100 |
||